NFL Pro Bowl Defensive Tackles 1970s - Statistics

General Stats
  • This quiz has been taken 4 times
  • The average score is 27 of 67
Answer Stats
Year Team Player % Correct
1979 Steelers Joe Greene
100%
1978 Steelers Joe Greene
100%
1976 Steelers Joe Greene
100%
1975 Steelers Joe Greene
100%
1974 Steelers Joe Greene
100%
1973 Steelers Joe Greene
100%
1972 Steelers Joe Greene
100%
1971 Steelers Joe Greene
100%
1970 Steelers Joe Greene
100%
1979 Cowboys Randy White
100%
1978 Cowboys Randy White
100%
1977 Cowboys Randy White
100%
1976 Vikings Alan Page
75%
1975 Vikings Alan Page
75%
1974 Vikings Alan Page
75%
1973 Vikings Alan Page
75%
1972 Vikings Alan Page
75%
1971 Vikings Alan Page
75%
1970 Vikings Alan Page
75%
1979 Eagles Charlie Johnson
75%
1979 Chargers Gary Johnson
75%
1978 Rams Cody Jones
50%
1978 Oilers Curley Culp
50%
1977 Oilers Curley Culp
50%
1976 Oilers Curley Culp
50%
1975 Oilers Curley Culp
50%
1971 Chiefs Curley Culp
50%
1973 Broncos Paul Smith
50%
1972 Broncos Paul Smith
50%
1979 Dolphins Bob Baumhower
25%
1973 Cowboys Bob Lilly
25%
1972 Cowboys Bob Lilly
25%
1971 Cowboys Bob Lilly
25%
1970 Cowboys Bob Lilly
25%
1971 Chiefs Buck Buchanan
25%
1970 Chiefs Buck Buchanan
25%
1978 Buccaneers Dave Pear
25%
1978 Lions Doug English
25%
1978 Chargers Louie Kelcher
25%
1977 Chargers Louie Kelcher
25%
1975 Rams Merlin Olsen
25%
1974 Rams Merlin Olsen
25%
1973 Rams Merlin Olsen
25%
1972 Rams Merlin Olsen
25%
1971 Rams Merlin Olsen
25%
1970 Rams Merlin Olsen
25%
1972 Packers Robert Brown
25%
1977 49ers Cleveland Elam
0%
1976 49ers Cleveland Elam
0%
1974 Redskins Diron Talbert
0%
1970 Vikings Gary Larsen
0%
1976 Browns Jerry Sherk
0%
1975 Browns Jerry Sherk
0%
1974 Browns Jerry Sherk
0%
1973 Browns Jerry Sherk
0%
1970 Jets John Elliott
0%
1979 Rams Larry Brooks
0%
1978 Rams Larry Brooks
0%
1977 Rams Larry Brooks
0%
1976 Rams Larry Brooks
0%
1977 Colts Mike Barnes
0%
1973 Bengals Mike Reid
0%
1972 Bengals Mike Reid
0%
1974 Raiders Otis Sistrunk
0%
1976 Bears Wally Chambers
0%
1975 Bears Wally Chambers
0%
1973 Bears Wally Chambers
0%
No matching quizzes found
Score Distribution
Percent of People with Each Score
Percentile by Number Answered
Your Score History
You have not taken this quiz